00431nam a2200193Ia 4500003000900000008004100009040001300050040001300063041000800076100002000084100000800104245005200112250001000164260002700174260000900201300001100210300001000221490000600231IT-RoPAU120407s9999 xx 000 0 und d aIT-RoPAU cIT-RoPAU aita aJosef Bonsirven cs.j aExégèse rabbinique et exégèse paulienne aParis aBeauchesne et Ses Fils c1939 a405 p. c24 cm v1